000 00549cam a2200133 4500500
005 20260111091248.0
041 _afre
042 _adc
245 0 0 _aDonna e teologia. Bilancio di un secolo, éd. C. Militello, coll. Teologia viva, Bologna, EDB, 2004, 22x14, 316 p., 23 €. ISBN 88-10-40960-4
260 _c2005.
500 _a12
786 0 _nNouvelle revue théologique | 127 | 4 | 2005-12-15 | p. 633q-633q | 0029-4845
856 4 1 _uhttps://shs.cairn.info/revue-nouvelle-revue-theologique-2005-4-page-633q?lang=fr&redirect-ssocas=7080
999 _c1620742
_d1620742